Southville International School and Colleges
Your cart is empty.
  • Cart
  • Lists
    Public lists Eva Luna New books Lux_list list_1
    Your lists Log in to create your own lists
  • Log in to your account
  • Your cookies
  • Search history
Southville International School and Colleges
  • Advanced search
  • Recent comments
  • Most popular
  • Libraries

Log in to your account

Log in with GOOGLE


If you do not have an external account, but do have a local account, you can still log in:

  1. Home
  2. MARC view: Filipino peace women :
Normal view MARC view ISBD view

Filipino peace women : (Record no. 17106)

[ view plain ]
MARC details
000 -LEADER
fixed length control field 01214cam a22003734a 4500
001 - CONTROL NUMBER
control field 14938592
003 - CONTROL NUMBER IDENTIFIER
control field OSt
005 - DATE AND TIME OF LATEST TRANSACTION
control field 20140310182902.0
008 - FIXED-LENGTH DATA ELEMENTS--GENERAL INFORMATION
fixed length control field 070723s2006 ph a 000 0ceng
010 ## - LIBRARY OF CONGRESS CONTROL NUMBER
LC control number 2006425117
020 ## - INTERNATIONAL STANDARD BOOK NUMBER
International Standard Book Number 9789712718489
035 ## - SYSTEM CONTROL NUMBER
System control number (CStRLIN)CSUGA6750493-B
040 ## - CATALOGING SOURCE
Original cataloging agency EYM
Transcribing agency EYM
Modifying agency DLC
042 ## - AUTHENTICATION CODE
Authentication code lccopycat
-- lcode
043 ## - GEOGRAPHIC AREA CODE
Geographic area code a-ph---
050 00 - LIBRARY OF CONGRESS CALL NUMBER
Classification number HQ 1236.5
Item number .Si565 2006
082 ## - DEWEY DECIMAL CLASSIFICATION NUMBER
Classification number FIL 305.409599
Item number .Si565 2006
245 00 - TITLE STATEMENT
Title Filipino peace women :
Remainder of title nominees to the 2005 Nobel Peace Prize /
Statement of responsibility, etc Sicam, Paulynn P.
246 30 - VARYING FORM OF TITLE
Title proper/short title Peace women
260 ## - PUBLICATION, DISTRIBUTION, ETC. (IMPRINT)
Place of publication, distribution, etc Manila :
Name of publisher, distributor, etc Published and exclusively distributed by Anvil Pub.,
Date of publication, distribution, etc c2006.
300 ## - PHYSICAL DESCRIPTION
Extent xi, 190 p. :
Other physical details ill. ;
Dimensions 21 cm.
521 ## - TARGET AUDIENCE NOTE
Target audience note
526 ## - STUDY PROGRAM INFORMATION NOTE
Reading level 1210L-1700L
541 ## - IMMEDIATE SOURCE OF ACQUISITION NOTE
-- 1
562 ## - COPY AND VERSION IDENTIFICATION NOTE
Number of copies 1
650 #0 - SUBJECT ADDED ENTRY--TOPICAL TERM
Topical term or geographic name as entry element Women in public life
Geographic subdivision Philippines
Form subdivision Biography.
650 #0 - SUBJECT ADDED ENTRY--TOPICAL TERM
Topical term or geographic name as entry element Women
Geographic subdivision Philippines
Form subdivision Biography.
650 #0 - SUBJECT ADDED ENTRY--TOPICAL TERM
Topical term or geographic name as entry element Nobel Prizes.
710 2# - ADDED ENTRY--CORPORATE NAME
Corporate name or jurisdiction name as entry element Anvil Publishing, Inc.
856 41 - ELECTRONIC LOCATION AND ACCESS
Materials specified Table of contents only
Uniform Resource Identifier <a href="http://www.loc.gov/catdir/toc/fy0803/2006425117.html">http://www.loc.gov/catdir/toc/fy0803/2006425117.html</a>
906 ## - LOCAL DATA ELEMENT F, LDF (RLIN)
a 7
b cbc
c copycat
d 3
e ncip
f 20
g y-gencatlg
942 ## - ADDED ENTRY ELEMENTS (KOHA)
Source of classification or shelving scheme Library of Congress Classification
Koha item type Books
Call number prefix Filipininana
Holdings
Withdrawn status Lost status Source of classification or shelving scheme Damaged status Home library Current library Shelving location Date acquired Total Checkouts Full call number Barcode Date last seen Copy number Price effective from Koha item type
    Library of Congress Classification   College Library College Library Filipiniana Section 11/05/2012   HQ 1236.5 .Si565 2006 c16014 05/08/2018 1 11/14/2013 Books

Filipino peace women :

APA

Anvil Publishing I., . (2006). Filipino peace women. Manila: Published and exclusively distributed by Anvil Pub.

Chicago

Anvil Publishing Inc, . 2006. Filipino peace women. Manila: Published and exclusively distributed by Anvil Pub.

Harvard

Anvil Publishing I., . (2006). Filipino peace women. Manila: Published and exclusively distributed by Anvil Pub.

MLA

Anvil Publishing Inc, . Filipino peace women. Manila: Published and exclusively distributed by Anvil Pub. 2006.

  • Place hold
  • Print
  • Cite
  • Add to your cart (remove)
  • Save record
    BIBTEX Dublin Core MARCXML MARC (non-Unicode/MARC-8) MARC (Unicode/UTF-8) MARC (Unicode/UTF-8, Standard) MODS (XML) RIS
  • More searches
    Search for this title in:
    Other Libraries (WorldCat) Other Databases (Google Scholar) Online Stores (Bookfinder.com) Open Library (openlibrary.org)

Exporting to Dublin Core...

SOUTHVILLE LIBRARY

Southville International School and Colleges Library

1281 Tropical Ave. Cor. Luxembourg St., BF Homes International, Las Pinas City

Tel. No. 8256374 / 252358 Loc. 117/146

Powered by Koha